| 000 | 00964nam a2200301 i 4500 | ||
|---|---|---|---|
| 001 | bg | ||
| 100 | 1 | _aMARZEC, Stanisław | |
| 245 | 1 | 0 |
_aTribologia procesów skrawania metali : _bnowe ciecze chłodząco-smarujące / _cStanisław Marzec, Stanisław Pytko. |
| 260 |
_aRadom : _bInstytut Technologii Eksploatacji, _c1999. |
||
| 300 |
_a114 s. : _bfot. (w tym kolor.), rys., wykr. ; _c24 cm. |
||
| 490 | 1 | _aBiblioteka Problemów Eksploatacji | |
| 500 | _aStreszcz. ang., ros. | ||
| 504 | _aBibliogr. s. 107-112. | ||
| 650 | 9 | _aInżynieria powierzchni | |
| 650 | 9 | _aPłyny obróbkowe | |
| 650 | 9 | _aSkrawanie | |
| 650 | 9 |
_aSmary _xstosowanie |
|
| 650 | 9 | _aTrybologia | |
| 700 | 1 | _aPYTKO, Stanisław | |
| 830 | _aBiblioteka Problemów Eksploatacji | ||
| 020 | _a8372041172 | ||
| 040 | _cBPK | ||
| 041 | 0 |
_apol _bengrus |
|
| 080 | _a621.791/.795:621.89:621.9 | ||
| 920 | _a83-7204-117-2 | ||
| 942 | _cKS | ||
| 008 | s pl f |000 0 pol | ||
| 999 |
_c42530 _d42530 |
||
| 856 |
_uhttp://koha.tu.koszalin.pl/cgi-bin/koha/opac-detail.pl?biblionumber=42530 _yKatalog online BPK |
||